000
00251nam a2200097Ia 4500
008
240331s9999 xx 000 0 und d
082
_a
303.4
_b
SHA
100
_a
Shanmulingan, N
245
0
_a
Maruppukkalum maatrangalum :
_b
traditions and change
942
_c
L
999
_c
1226
_d
1226